Yüklüyor......

NAGARJUNAS LETTER TO king gantamiputra tr by Lozang Jamspal etc /

Detaylı Bibliyografya
Dil:Undetermined
Baskı/Yayın Bilgisi: Delhi : Motilal Banarsidass , 1978.
LEADER 00448nam a2200121Ia 4500
001 72452
008 170722s9999 xx 000 0 und d
245 |a NAGARJUNAS LETTER TO king gantamiputra tr by Lozang Jamspal etc / 
260 |a Delhi :  |b Motilal Banarsidass ,  |c 1978. 
300 |a 118, 23.5cm 
942 |c GEN 
999 |c 95832  |d 95832 
952 |0 0  |1 0  |4 0  |6 Q_43WBNA4_L8  |7 0  |8 LC1  |9 134311  |a LIB  |b LIB  |d 2017-08-12  |h LC1  |o Q43wBNA,4 L8  |p 175835  |r 2017-08-12  |v 0.00  |w 2017-08-12  |y GEN